Biblioteca ESET

Una familia bajo la nieve / (Registro nro. 1161)

Detalles MARC
000 -CABECERA
fixed length control field 01941nam a2200313 a 4500
003 - CONTROL NUMBER IDENTIFIER
control field AR-BaBN
005 - FECHA Y HORA DE LA ULTIMA TRANSACCION
control field 20241216135833.0
007 - CAMPO FIJO DE DESCRIPCION FIJA - INFORMACION GENERAL
fixed length control field ta
008 - ELEMENTOS DE LONGITUD FIJA-INFORMACION GENERAL
fixed length control field 2412 s2023 ag gr 000 f spa
015 ## - NATIONAL BIBLIOGRAPHY NUMBER
National bibliography number AR-2021
020 ## - NUMERO INTERNACIONAL NORMALIZADO PARA LIBROS
Número Internacional Normalizado del libro 9789878473710
040 ## - FUENTE DE CATALOGACION
Agencia de catalogación original AR-BaBN
Idioma de catalogación ESPAÑOL
Agencia que realiza la transcripción AR-BaBN
Convenciones de la descripción aacr
Agencia que realiza la modificación AR-BeUNQ
044 ## - COUNTRY OF PUBLISHING/PRODUCING ENTITY CODE
MARC country code ag
ISO country code ar-c
082 ## - NUMERO DE CLASIFICACION DECIMAL DEWEYMBER
Número de clasificación Ar 863
Número de la edición 21
100 1# - ASIENTO PRINCIPAL-NOMBRE PERSONAL
Nombre personal Zwaig, Monica,
Fecha asociada al nombre 1981-
245 14 - MENCION DE TITULO
Título Una familia bajo la nieve /
Mención de responsabilidad, etc Monica Zwaig.
250 ## - MENCION DE EDICION
Mención de edición 2a ed.
260 ## - PUBLICACION, DISTRIBUCION, ETC.
Lugar de publicación, distribución, etc. Buenos Aires :
Nombre del editor, distribuidor, etc. Blatt & Ríos,
Fecha de publicación, distribución, etc 2023.
300 ## - DESCRIPCION FISICA
Extensión 180 p. ;
Dimensiones 18 cm.
490 ## - MENCION DE SERIE
Mención de serie Identidades Bonaerenses
Número International Normalizado para Libros 9789878473710
520 1# - NOTA DE RESUMEN, ETC
Nota de resumen, etc. "Una familia vive sus días en los suburbios de una ciudad francesa. Corren las últimas décadas del siglo XX. Padre y madre, exiliados de la dictadura argentina, reconstruyen su vida y deciden criar a sus hijos en la cultura del país que los adoptó. Pero la vida está hecha de casualidades y decisiones que tienen consecuencias imprevisibles. Una separación, la elección de una carrera universitaria, una amistad, entre otras cosas, depositan a Harmonica, una de las hijas y la narradora de esta novela, en Buenos Aires, donde iniciará un raro periplo para plantar un árbol genealógico. Hay despedidas y reencuentros, hay amores frustrados, remordimientos. Hay una potencia narrativa que Monica Zwaig administra con maestría y que logra desplegar en este libro, pergeñado lejanamente en su francés natal pero escrito en un terso y elegante castellano, un castellano tan demoledor como dulce. Una familia bajo la nieve es una hermosa novela francesa escrita en argentino." --
Assigning source (Contratapa).
650 #7 - ASIENTO SECUNDARIO DE MATERIA - TERMINO TEMATICO
Término temático o nombre geográfico como elemento de entrada Literatura (Arte)
Fuente del encabezamiento o términ spines
650 #7 - ASIENTO SECUNDARIO DE MATERIA - TERMINO TEMATICO
Término temático o nombre geográfico como elemento de entrada Literatura argentina
Fuente del encabezamiento o términ ttll
650 #7 - ASIENTO SECUNDARIO DE MATERIA - TERMINO TEMATICO
Término temático o nombre geográfico como elemento de entrada Novelas
Fuente del encabezamiento o términ ttll
655 #4 - TERMINO DE INDIZACION - GENERO/FORMA
Datos o término principal de género/forma Novela
929 ## - DATOS DE ADQUISICION
Procedencia DONACION
Proveedor Dirección General de Cultura y Educación, Provincia de Buenos Aires
Precio 0
Fecha de recibido 2024-11-05
Patrimonio UNQ PAT0082577
Es copia 1
Número de inventario 62872
942 ## - ELEMENTOS DE PUNTO DE ACCESO ADICIONAL (KOHA)
Tipo de ítem Koha Libros
Existencias
Estado de retiro Estado de pérdida Ubicación permanente Ubicación actual Ubicación en estantería Fecha de ingreso Signatura topográfica completa Inventario Date last seen Número de copia Tipo de ítem Koha Operador
    Biblioteca ESET - UNQ Biblioteca ESET - UNQ CIRCULACION 16/12/2024 Ar 863 ZWA 62875 16/12/2024 1 Libros Natalia Castro

ESET UNQ

☏ 4365-7188
 Avenida República de Francia 1714 entre Doctor Kenny y Concordia, Ezpeleta, Bs As.
✉ secretaria_eset@unq.edu.ar

Con tecnología Koha